LIBRARY & INFORMATION CENTRE, KCAET, TAVANUR

ONLINE PUBLIC ACCESS CATALOGUE (OPAC)

Ezhamedangal (Record no. 17735)

MARC details
000 -LEADER
fixed length control field 00227nam a22001097a 4500
003 - CONTROL NUMBER IDENTIFIER
control field OSt
008 - FIXED-LENGTH DATA ELEMENTS--GENERAL INFORMATION
fixed length control field 231011b |||||||| |||| 00| 0 eng d
041 ## - LANGUAGE CODE
Language code of text/sound track or separate title mal
082 ## - DEWEY DECIMAL CLASSIFICATION NUMBER
Classification number 894.812308
Item number KOV/EZ
245 ## - TITLE STATEMENT
Title Ezhamedangal
942 ## - ADDED ENTRY ELEMENTS (KOHA)
Koha item type Books
Holdings
Withdrawn status Lost status Damaged status Home library Current library Date acquired Full call number Accession Number Koha item type Public note Cost, normal purchase price
Withdrawn     KAUAET KAUAET 16/11/2023 894.812308 KOV/EZ 10640 Books   1.20
Withdrawn     KAUAET Malayalam University 11/10/2023 894.812308 KOV/EZ 8906 Books Transferred to Malayalam University  
free website counter